Top quantity surveyors 1 April 2004 - 31 March 2005 (Record no. 75269)

MARC details
000 -LEADER
fixed length control field 00565cab a2200181 4500
001 - CONTROL NUMBER
control field L129780
008 - FIXED-LENGTH DATA ELEMENTS--GENERAL INFORMATION
fixed length control field 050519n2005 000 0 eng u
035 ## - SYSTEM CONTROL NUMBER
System control number (Sirsi) u129780
041 ## - LANGUAGE CODE
Language code of text/sound track or separate title eng
110 ## - MAIN ENTRY--CORPORATE NAME
Corporate name or jurisdiction name as entry element Emap Glenigan
9 (RLIN) 4719
245 ## - TITLE STATEMENT
Title Top quantity surveyors 1 April 2004 - 31 March 2005
260 ## - PUBLICATION, DISTRIBUTION, ETC.
Date of publication, distribution, etc. 2005
490 ## - SERIES STATEMENT
Series statement Building
Volume/sequential designation 270(8379) 29 April 2005, 20(1)
520 ## - SUMMARY, ETC.
Summary, etc. Davis Langdon continues to head "Building's" top 20 quantity surveyors for the year to 31 March 2005.
590 ## - LOCAL NOTE (RLIN)
Local note IKA190505
690 ## - LOCAL SUBJECT ADDED ENTRY--TOPICAL TERM (OCLC, RLIN)
Topical term or geographic name as entry element Quantity surveying
9 (RLIN) 6263
942 ## - ADDED ENTRY ELEMENTS (KOHA)
Suppress in OPAC 0
Holdings
Withdrawn status Lost status Source of classification or shelving scheme Damaged status Not for loan Home library Current library Shelving location Date acquired Total Checkouts Full call number Barcode Date last seen Copy number Price effective from Koha item type
    Dewey Decimal Classification     London London Journal article 19/05/2005   L129780 129780-1001 06/08/2019 1 06/08/2019 Journal article